| 000 | 00908nmm a2200277 a 4500 | ||
|---|---|---|---|
| 001 | ocm000882909 | ||
| 003 | TR-IsHL | ||
| 005 | 20201028143249.0 | ||
| 008 | 140118s2004 tu tur | ||
| 007 | cr cn | ||
| 020 | _a9789758683260 | ||
| 035 |
_a882909 _b(N$T) |
||
| 050 | 0 | 4 |
_aHD6796.7 _b.S85 2004 |
| 090 | 0 | 4 |
_aHD6796.7 _b.S85 2004 |
| 100 | 1 | _aSülker, Kemal | |
| 245 | 1 | 0 |
_aTürkiye sendikacılık tarihi _h[electronic resource] / _cKemal Sülker |
| 250 | _a3. bs | ||
| 260 |
_aİstanbul : _bTÜSTAV, _c2004 |
||
| 300 | _a304 p. | ||
| 650 | 4 | _aPolitika ve Uluslararası İlişkiler | |
| 650 | 4 | _aPolitics and International Relations | |
| 650 | 0 |
_aSendikalar _x Türkiye _x Tarih |
|
| 650 | 0 |
_aLabour Unions _x Turkey _x History |
|
| 650 | 7 |
_aBUSINESS & ECONOMICS / Labor _2bisacsh |
|
| 856 | 4 | 0 | _uhttp://search.ebscohost.com/login.aspx?direct=true&scope=site&db=e011xww&AN=882909 |
| 999 |
_c8805 _d8805 |
||